000 002840000a22000970004500
100 1 _aNicol, George G.
245 1 0 _aThe narrative structure and interpretation of Genesis 26:1-33
300 _aVol. 46, Num. 3 (Julio, 1996), Páginas 339-360
773 0 _tVetus Testamentum
942 _cANA
999 _c58041
_d58041